El último Marx, 1863-1882, y la liberación latinoamericana: un comentario a la tercera y a la cuarta redacción de El Capital

保存先:
書誌詳細
第一著者: Dussel, Enrique D (著者)
フォーマット: 図書
言語:スペイン語
出版事項: Ciudad de México Siglo Veintiuno 2007
版:2a. ed
シリーズ:Biblioteca del Pensamiento Socialista
主題:
タグ: タグ追加
タグなし, このレコードへの初めてのタグを付けませんか!

MARC

LEADER 00000nam a2200000 a 4500
001 UCH2695
003 CL-VaPUC
008 090624e20070000MX |||||||||||||||||spa|d
020 |a 9789682316494 
082 0 4 |a 335.4  |b DUS  |2 21 
100 0 |a Dussel, Enrique D  |e author  |9 537693 
245 1 3 |a El último Marx, 1863-1882, y la liberación latinoamericana: un comentario a la tercera y a la cuarta redacción de El Capital 
250 |a 2a. ed 
300 |a 462 p 
600 0 |a Marx, Karl Heinrich,  |d 1818-1883  |9 861123 
942 |c BK 
945 |d 20090624 00:00:00  |a rbrito 
260 |a Ciudad de México  |b Siglo Veintiuno  |c 2007 
650 7 |a MARXISMO  |2 CL-VaPUC  |9 537694 
650 0 |a Socialismo  |9 255260 
650 0 |a Filosofía marxista  |9 337959 
650 0 |a Economía marxista  |9 311435 
583 |a last modification  |c 20140820 02:51:35  |k Rodrigo Vera 
490 0 |a Biblioteca del Pensamiento Socialista 
999 |c 334410  |d 334408 
952 |0 0  |1 0  |4 0  |6 335_400000000000000_DUS_2007  |7 0  |8 A  |9 423401  |a BIBEDU  |b BIBEDU  |d 2019-11-22  |i 4568699  |o 335.4 DUS 2007  |p 4568699  |r 2019-11-22  |w 2019-11-22  |y BK  |k PSI